مكتبة جامعة عجلون الوطنية

فهرس بحث المكتبة

الظام القانوني للدولة الفيدرالية ومسببات نجاحها : العراق نموذجاً = The Legal System of the Federal State and the Reasons its Success : Iraq as A model / (Record no. 33494)

MARC details
000 -LEADER
fixed length control field 00959nam a22001937a 4500
003 - CONTROL NUMBER IDENTIFIER
control field JO-AjAnu
005 - DATE AND TIME OF LATEST TRANSACTION
control field 20240602102413.0
008 - FIXED-LENGTH DATA ELEMENTS--GENERAL INFORMATION
fixed length control field 240602b jo ||||| |||| 00| 0 ara d
040 ## - CATALOGING SOURCE
Original cataloging agency JO-AjAnu
Language of cataloging ara
Transcribing agency JO-AjAnu
041 #0 - LANGUAGE CODE
Language code of original ara
100 #1 - MAIN ENTRY--PERSONAL NAME
Personal name صالح، هوزان عدنان محمد
Relator term معد
9 (RLIN) 65433
245 #0 - TITLE STATEMENT
Title الظام القانوني للدولة الفيدرالية ومسببات نجاحها : العراق نموذجاً = The Legal System of the Federal State and the Reasons its Success : Iraq as A model /
Statement of responsibility, etc. اعداد هوزان عدنان محمد صالح ؛ اشراف طلال ياسين العيسى
260 ## - PUBLICATION, DISTRIBUTION, ETC.
Date of publication, distribution, etc. 2022
300 ## - PHYSICAL DESCRIPTION
Extent 138 ورقة
500 ## - GENERAL NOTE
General note رسالة جامعيه (ماجستير) جامعة عجلون الوطنية / كلية الحقوق
650 ## - SUBJECT ADDED ENTRY--TOPICAL TERM
Form subdivision الدولة الفيدرالية-النظام القانوني
700 ## - ADDED ENTRY--PERSONAL NAME
Personal name العيسى، طلال ياسين
9 (RLIN) 64930
Relator term مشرف
942 ## - ADDED ENTRY ELEMENTS (KOHA)
Source of classification or shelving scheme Library of Congress Classification
Koha item type Thesis
Suppress in OPAC No
Holdings
Withdrawn status Lost status Source of classification or shelving scheme Damaged status Not for loan Home library Current library Date acquired Total Checkouts Full call number Barcode Date last seen Price effective from Koha item type
    Library of Congress Classification     مكتبة جامعة عجلون الوطنية مكتبة جامعة عجلون الوطنية 02/06/2024   JC355.2023 A29329 02/06/2024 02/06/2024 Thesis
    Library of Congress Classification     مكتبة جامعة عجلون الوطنية مكتبة جامعة عجلون الوطنية 02/06/2024   JC355.2023 A29330 02/06/2024 02/06/2024 Thesis